Cancer incidence risks to patients due to hysterosalpingography (Record no. 332211)
[ view plain ]
| 000 -LEADER | |
|---|---|
| fixed length control field | 00453nam a2200133Ia 4500 |
| 008 - FIXED-LENGTH DATA ELEMENTS--GENERAL INFORMATION | |
| fixed length control field | 170516s9999 xx 000 0 und d |
| 245 ## - TITLE STATEMENT | |
| Title | Cancer incidence risks to patients due to hysterosalpingography |
| 260 ## - PUBLICATION, DISTRIBUTION, ETC. (IMPRINT) | |
| Name of publisher, distributor, etc | Journal of Medical Physics |
| 260 ## - PUBLICATION, DISTRIBUTION, ETC. (IMPRINT) | |
| Date of publication, distribution, etc | 2012 |
| 300 ## - PHYSICAL DESCRIPTION | |
| Extent | 37:2 |
| 650 ## - SUBJECT ADDED ENTRY--TOPICAL TERM | |
| General subdivision | Radiologic Technology |
| 650 ## - SUBJECT ADDED ENTRY--TOPICAL TERM | |
| General subdivision | Radtech |
| 856 ## - ELECTRONIC LOCATION AND ACCESS | |
| Uniform Resource Identifier | <a href="http://www.jmp.org.in/showBackIssue.asp?issn=0971-6203;year=2012;volume=37;issue=2;month=April-June">http://www.jmp.org.in/showBackIssue.asp?issn=0971-6203;year=2012;volume=37;issue=2;month=April-June</a> |
| Withdrawn status | Lost status | Damaged status | Home library | Current library | Date acquired | Total Checkouts | Date last seen | Price effective from | Koha item type |
|---|---|---|---|---|---|---|---|---|---|
| College Library | College Library | 05/16/2017 | 05/16/2017 | 05/16/2017 | Foreign e-journal articles |